00499nam a22001457a 4500003000400000005001700004008004100021050002300062082002500085100001500110245015800125260004600283300001800329562000600347OSt20160426155239.0130720t xxu||||| |||| 00| 0 eng d aNX 65 b.B697 2002 aFIL 372.6 bB64 2002 aBon, Mila  aMga banghay aralin sa filipino 4 :cBon, Milagros E.bSample lesson plans in Filipino 4 : based on the 2002 BEC (Restructured Basic Education Curriculum) a[Manila] :b Teacher's Relief, cc2002.  a172 p. ; cm  e1